| 000 | 00690cam a22001934a 4500 | ||
|---|---|---|---|
| 005 | 20250605164145.0 | ||
| 008 | 250528s ||||||||||||||||||||||||d | ||
| 035 | _a19114 | ||
| 020 | _a534143709 | ||
| 040 |
_aGR-AtMCL _bgre _dGR-AtMCL _eAACR2 |
||
| 245 | 1 | _aIntroduction to Philosophy / Classical and Contemporary Readings | |
| 260 |
_bWadsworth Publishing Company, _c1991 |
||
| 300 | _a644 | ||
| 520 | _aPreface, What is Philosophy?, The Theory of Knowledge, Philosophy of Religion, Philosophy of Mind, Freedom of the Will and Responsibility and Punishment, Ethics, Glossary, Suggested Reading. | ||
| 700 | 1 |
_aPojman Louis P _95361 |
|
| 942 | _cBK | ||
| 999 |
_c4393 _d4393 |
||